000 00409nam a2200169Ia 4500
001 15762
003 IN-NITTTR
005 20251114233148.0
008 251113s9999||||xx |||||||||||||| ||eng||
040 _beng
040 _cIN-NITTTR
041 _aeng
082 _a370 S65
245 4 _aThe school in the multicultural society :
_b a reader /
_cJames, Alan, ed.
700 _aJames, Alan
942 _2ddc
_cBK
999 _c18396
_d18396